浙江面积最大的9个县级行政区 9 largest counties in Zhejiang - Statistics

General Stats
  • This quiz has been taken 34 times
  • The average score is 6 of 9
Answer Stats
面积/km² 地市排名 县区 % Correct
4452 杭州1 淳安县
93%
3124 杭州2 临安区
93%
2364 杭州3 建德市
93%
2311 绍兴1 诸暨市
83%
3059 丽水1 龙泉市
72%
2674 温州1 永嘉县
59%
2484 丽水3 青田县
59%
2224 衢州1 开化县
59%
2539 丽水2 遂昌县
28%
No matching quizzes found
Score Distribution
Percent of People with Each Score
Percentile by Number Answered
Your Score History
You have not taken this quiz